000 00289nam a2200109Ia 4500
008 190216s9999||||xx |||||||||||||| ||und||
100 _aPandit Seetharam Chaudari
245 0 _aHindi-Bharathiya Samskrithi Ka Kenthra Varanasi
260 _bOrient Publishers
650 _aHindi
942 _cBK
999 _c15257
_d15257